000 00764cam a2200205 i 4500
999 _c10444
_d10444
005 20220322174259.0
006 m |o d |
008 190122s2020 enka ob 001 0 eng
020 _z9781138575257
_qpb : alk. paper
050 0 0 _aNA1995
082 0 0 _a720.1
_223
100 1 _aArmstrong, Rachel,
_d1966-
_eauthor.
245 1 0 _aExperimental architecture :
_bdesigning the unknown /
_cRachel Armstrong.
300 _a1 online resource
504 _aIncludes bibliographical references (pages 187-196) and index.
650 0 _aArchitectural practice.
650 0 _aArchitecture
_xResearch.
776 0 8 _iPrint version:
_tExperimental architecture
_dLondon ; New York : Routledge, 2020.
_z9781138575240 (hb : alk. paper)
_w(DLC) 2019002655
942 _2ddc